000 00730nam a2200229 a 4500
001 13596
003 BD-JhCC
005 20240302135649.0
008 171128s19902017bg |||| ||a| 000 0 ben d
020 _a9840758128
035 _a(BD-JhCC)13596
040 _aBD-JhCC
_dBD-JhCC
041 _abengali
082 _a491.443
_bBAN 2017
100 _a বিশ্বাস,নরেন
245 _aবাংলা একাডেমী :
_bবাঙলা উচ্চারণ অভিধান /
_cনরেন বিশ্বাস।
260 _aঢাকা :
_bবাংলা একাডেমী,
_c2017.
300 _a540 p. :
_c22 cm.
650 _aBengali Language
_xDictionary
942 _2ddc
_cBK
999 _c13596
_d13596